Výrobní a ekonomická situace podniků hutnictví železa

Ekonomická situácia v podnikoch hutníctva železa. Výroba hutníctva, výroba surovej ocele v ČR. Obchodná politika štátu z hľadiska ochrany domáceho trhu a podpory proexportnej politiky. Názory manažmentu podnikov na politiku štátu.

Salvato in:
Dettagli Bibliografici
Autore principale: Pokorný, P.
Natura: Capitolo di libro
Lingua:ceco
Soggetti:
Tags: Aggiungi Tag
Nessun Tag, puoi essere il primo ad aggiungerne!!

MARC

LEADER 00000naa a2200000 4500
001 r014400
005 20221205080154.7
041 0 |a cze 
044 |a CZ 
245 1 0 |a Výrobní a ekonomická situace podniků hutnictví železa  |c P. Pokorný 
520 |a Ekonomická situácia v podnikoch hutníctva železa. Výroba hutníctva, výroba surovej ocele v ČR. Obchodná politika štátu z hľadiska ochrany domáceho trhu a podpory proexportnej politiky. Názory manažmentu podnikov na politiku štátu. 
610 2 0 |a hutníctvo 
610 2 0 |a Česko 
610 2 0 |a situácia hospodárska 
610 2 0 |a politika obchodná 
610 2 0 |a výrobky hutnícke 
610 2 0 |a vývoz 
100 1 |a Pokorný, P.